000 00444nam a2200217Ia 4500
003 IT-RoPAU
008 120407s9999 xx 000 0 und d
040 _aIT-RoPAU
040 _cIT-RoPAU
041 _aita
100 _aBlaise Pascal
245 _aLes Pensées et ouvres choisies
250 _aParis
260 _aEcole
260 _c1937
300 _a398 p.
300 _c21,5 cm
490 _v1
942 _cBK
999 _c34047
_d34047